| 000 | 00634cam a22002174a 4500 | ||
|---|---|---|---|
| 001 | 14082992 | ||
| 005 | 20251105131007.0 | ||
| 008 | 050822s2006 njua 001 0 eng | ||
| 020 | _a0131713884 | ||
| 020 | _a9780131713888 | ||
| 050 | 0 | 0 |
_aT385 _b.D5895 2006 |
| 082 | 0 | 0 |
_a620/.0042/0285536 _222 |
| 100 | 1 |
_aDix, Mark, _d1948- |
|
| 245 | 1 | 0 |
_aDiscovering AutoCAD 2006 / _cMark Dix, Paul Riley. |
| 260 |
_aUpper Saddle River, NJ : _bPearson Prentice Hall, _c2006. |
||
| 300 |
_axiii, 737 p. : _bill. ; _c26 cm. |
||
| 500 | _aIncludes index. | ||
| 650 | 0 | _aComputer graphics. | |
| 700 | 1 |
_aRiley, Paul, _d1943- |
|
| 942 |
_2lcc _cBK _n0 |
||
| 999 |
_c8063 _d8063 |
||